000 00733cam a22002291 4500
001 l 53000148
003 DLC
005 20260227111543.0
008 921102s1953 dcua f000 0 eng c
010 _al 53000148
035 _a(OCoLC)26898820
040 _aU.S. Dept. of Labor Library
_cCLU
_dDLC
042 _apremarc
050 0 0 _aHD8051
_b.A62 no. 166
110 1 _aUnited States.
_bBureau of Labor Standards.
245 1 0 _aButch blows a fuse.
260 _a[Washington,
_bU.S. Govt. Print. Off.,
_c1953]
300 _a[15] p.
_billus.
_c14 cm.
490 1 _aIts Bulletin,
_vno. 166
650 0 _aElectric apparatus and appliances
_xSafety measures.
830 0 _aBulletin (United States. Bureau of Labor Standards) ;
_v166.
999 _c36812
_d36812